| 000 | 00625nam a2200193 a 4500 | ||
|---|---|---|---|
| 001 | 000003700 | ||
| 005 | 20200929150533.0 | ||
| 008 | 090713s2005 cu ac 000 0 spa d | ||
| 020 | _a9591009585 | ||
| 040 |
_aDO-SdBNP _bspa _cBNPHU |
||
| 082 |
_axxx _bS251g |
||
| 100 | 1 |
_aSarusky, Jaime, _d1937- _911304 |
|
| 245 | 1 | 0 |
_aGrupo de experimentación sonora del ICAIC : _bmito y realidad / _cJaime Sarusky. |
| 260 |
_aLa Habana, : _bLetras cubanas, _c2005. |
||
| 300 |
_a94 p. : _bil., retrs. ; _c20 cm. |
||
| 500 | _aIncluye índice. | ||
| 500 | _aIncluye datos biográficos del autor en la contracubierta. | ||
| 049 | _aEn proceso | ||
| 999 |
_c3522 _d3522 |
||